Lanean...
Enthanu kavitha/
| Egile nagusia: | |
|---|---|
| Formatua: | Printed Book |
| Hizkuntza: | English |
| Argitaratua: |
Kottayam:
National Book Stall,
1982.
|
| Gaiak: |
| LEADER | 00527 a2200157 4500 | ||
|---|---|---|---|
| 008 | 150103s9999 000 0 eng | ||
| 082 | |a 810.1 | ||
| 100 | |a Velayudhan Pillai,P V | ||
| 245 | |a Enthanu kavitha/ | ||
| 260 | |a Kottayam: |b National Book Stall, |c 1982. | ||
| 300 | |a 142 p.; | ||
| 500 | |a Poetry | ||
| 650 | |a Literary Studies-Poems | ||
| 942 | |c BK | ||
| 999 | |c 306696 |d 306696 | ||
| 952 | |0 0 |1 0 |2 ddc |4 0 |6 M_810_000000000000000_VEL_EN |7 0 |9 351837 |a DRA |b DRA |c ST1 |d 2012-11-28 |i 2026 |l 0 |o M 810 VEL/EN |p DRA2026 |r 2012-11-28 |v 12.00 |w 2012-11-28 |y BK | ||